000 00499nam a2200169Ia 4500
008 240729s9999 xx 000 0 und d
022 _a2250-0995
245 0 _aRadiation Protection and Environment
260 _aIndia
260 _bWolters Kluwer Medknow Publications
650 _a Nuclear and particle physics. Atomic energy. Radioactivity
650 _a Physics
650 _aScience
856 _uhttps://doaj.org/toc/ec2030a2cfe74ef7970f5f63eb0028f3
942 _2ddc
942 _cDOAJEJ
999 _c71627
_d71627
945 _a1
_bMadushi Gamage
_c1
_dMadushi Gamage